| 000 | 00877cam a22002651 4500 | ||
|---|---|---|---|
| 001 | 11841 | ||
| 003 | BD-RjUL | ||
| 005 | 20211208235206.0 | ||
| 008 | 140127s1950 xx 001 0 eng | ||
| 035 | _a(BD-RjUL)11890 | ||
| 035 | _a(OCoLC)1948767 | ||
| 040 |
_aDLC _cTxShA _dOCoLC _dDLC _dBD-RjUL _beng |
||
| 041 | _aeng | ||
| 082 |
_a373 _bSMF |
||
| 100 | 1 |
_aSmith, B. Othanel _q(Bunnie Othanel), _d1903- _917192 |
|
| 245 | 1 | 0 |
_aFundamentals of curriculum development / _c[by] B. Othanel Smith, William O. Stanley [and] J. Harlan Shores. |
| 260 |
_aYonkers-on-the-Hudson, N.Y. : _bWorld Book Co. , _c1950. |
||
| 300 |
_axvi, 780 p. : _billus. ; _c23 cm. |
||
| 490 | 0 | _aNew-World education series | |
| 504 | _aIncludes Bibliography: p. [745]-765. and index. | ||
| 650 | 0 |
_aEducation _xCurricula. _917573 |
|
| 942 |
_2ddc _cBK |
||
| 999 |
_c11841 _d11841 |
||